| 000 | 00825cab a22001935a 4500 | ||
|---|---|---|---|
| 001 | L154872 | ||
| 008 | 120124e20120121xxk 000 0 eng d | ||
| 035 | _a(Sirsi) u154872 | ||
| 041 | 0 | _aeng | |
| 100 | 1 | _aBarnard, Lucy | |
| 245 | 0 | 0 | _aBlurred vision |
| 260 | _c2012 | ||
| 490 |
_aEstates Gazette _v(1203) 21 January 2012, 62-65(3) |
||
| 520 | 0 | 4 | _aThe decision to grant approval for phase one of HS2 has led to renewed calls for the government to clarify the outdated Compulsory Purchase Order system. Features the Law Commission's 2003 proposals for compulsory purchase compensation which are designed to maintain and build on the main features of the existing law within a simpler and more logical structure. |
| 590 | _aKA | ||
| 651 | 4 |
_aUnited Kingdom _y |
|
| 690 |
_aCompulsory purchase _96228 |
||
| 942 |
_n0 _2ddc |
||
| 999 |
_c83728 _d83728 |
||